[Event "Paris-ch IdF"]
[Site "Paris"]
[Date "2023.07.15"]
[Round "7"]
[White "Valuet, Bertrand"]
[Black "Vlachos, Anatole"]
[Result "1/2-1/2"]
[WhiteElo "2286"]
[BlackElo "2454"]
[PlyCount "95"]
[EventDate "2023.07.11"]
[EventType "swiss"]
[EventRounds "9"]
[EventCountry "FRA"]
[SourceTitle "CBM 215 Extra"]
[Source "ChessBase"]
[SourceDate "2023.09.30"]
[SourceVersion "1"]
[SourceVersionDate "2023.09.30"]
[SourceQuality "1"]

1. e4 e5 2. Nf3 Nc6 3. Nc3 Nf6 4. Bb5 Nd4 5. Ba4 Bc5 6. d3 Nxf3+ 7. Qxf3 c6 8. Bg5 h6 9. Bxf6 Qxf6 10. Qxf6 gxf6 11. Ne2 Ke7 12. c3 d5 13. Ng3 Be6 14. Bd1 b5 15. Bf3 b4 16. 0-0 bxc3 17. bxc3 Rab8 18. d4 Ba3 19. exd5 cxd5 20. Rae1 e4 21. Bd1 f5 22. f3 Bb2 23. fxe4 fxe4 24. Re3 Rhc8 25. Ne2 Rc7 26. Bb3 Rbc8 27. Rd1 Kd6 28. Rg3 Bxc3 29. Kf2 a5 30. Ke3 Bb4 31. Rf1 Ra8 32. Rf6 a4 33. Bd1 Ke7 34. Rxh6 Bd6 35. Rg5 Ba3 36. Kf2 Rb7 37. Nf4 Rb2+ 38. Be2 Rd8 39. Nxe6 fxe6 40. Rg7+ Kd6 41. Rf6 Rxa2 42. Ra7 Bb2 43. Ra6+ Kd7 44. Bb5+ Kc8 45. Rc6+ Kb8 46. Rb6+ Kc7 47. Rc6+ Kb8 48. Rb6+ 1/2-1/2

[Event "Paris-ch IdF"]
[Site "Paris"]
[Date "2023.07.12"]
[Round "2"]
[White "Valuet, Bertrand"]
[Black "Harshavardhan, GB."]
[Result "0-1"]
[WhiteElo "2286"]
[BlackElo "2405"]
[PlyCount "58"]
[EventDate "2023.07.11"]
[EventType "swiss"]
[EventRounds "9"]
[EventCountry "FRA"]
[SourceTitle "CBM 215 Extra"]
[Source "ChessBase"]
[SourceDate "2023.09.30"]
[SourceVersion "1"]
[SourceVersionDate "2023.09.30"]
[SourceQuality "1"]

1. e4 c5 2. Nf3 d6 3. d4 cxd4 4. Nxd4 Nf6 5. Nc3 Nc6 6. Bg5 Bd7 7. Qd2 a6 8. 0-0-0 e6 9. f4 b5 10. Nxc6 Bxc6 11. Qe1 Be7 12. e5 Nd5 13. Bxe7 Qxe7 14. Ne4 dxe5 15. fxe5 0-0 16. Bd3 Nf4 17. h4 Rad8 18. Qe3 Nxd3+ 19. Rxd3 Rxd3 20. Qxd3 Rd8 21. Qe3 Bxe4 22. Qxe4 Qd7 23. a4 bxa4 24. Rf1 h6 25. Kb1 a3 26. b3 Qd2 27. Ka2 Qc3 28. Rb1 Rd4 29. Qa8+ Kh7 0-1

[Event "FRA-ch Accession"]
[Site "Albi"]
[Date "2022.08.14"]
[Round "2"]
[White "Monroy, Charles"]
[Black "Valuet, Bertrand"]
[Result "1-0"]
[WhiteElo "2407"]
[BlackElo "2287"]
[PlyCount "83"]
[EventDate "2022.08.13"]
[EventType "swiss"]
[EventRounds "9"]
[EventCountry "FRA"]
[SourceTitle "CBM 210 Extra"]
[Source "ChessBase"]
[SourceDate "2022.11.30"]
[SourceVersion "1"]
[SourceVersionDate "2022.11.30"]
[SourceQuality "1"]

1. Nf3 d5 2. d4 Nf6 3. c4 c6 4. Qb3 e6 5. Bg5 h6 6. Bh4 Be7 7. e3 Ne4 8. Bxe7 Qxe7 9. Nc3 Nd7 10. Bd3 Nxc3 11. Qxc3 dxc4 12. Bxc4 b6 13. 0-0 0-0 14. e4 c5 15. Rad1 cxd4 16. Qxd4 Qc5 17. Rfe1 Qxd4 18. Nxd4 Ne5 19. Bf1 Rd8 20. Nb5 Rxd1 21. Rxd1 Bb7 22. f3 Rc8 23. Nxa7 Rc2 24. Rd8+ Kh7 25. Rb8 Rc7 26. Nb5 Rd7 27. Nd6 Bc6 28. Nb5 Bxb5 29. Bxb5 Rd1+ 30. Bf1 Nc4 31. Kf2 Nxb2 32. Rxb6 Na4 33. Ra6 Nc3 34. a4 Ra1 35. Bb5 h5 36. Be8 Ra2+ 37. Ke3 Rxg2 38. Bxf7 h4 39. Bxe6 Rxh2 40. Bf5+ Kg8 41. Bg6 Kf8 42. Re6 1-0

[Event "EU-Cup Online Gr-H"]
[Site "Tornelo INT"]
[Date "2021.03.27"]
[Round "2.2"]
[White "Olsen, Filip Boe"]
[Black "Valuet, Bertrand"]
[Result "1-0"]
[WhiteElo "2379"]
[BlackElo "2217"]
[PlyCount "151"]
[EventDate "2021.03.27"]
[EventType "team-tourn (rapid)"]
[EventRounds "9"]
[EventCountry "NET"]
[SourceTitle "CBM 201 Extra"]
[Source "ChessBase"]
[SourceDate "2021.05.31"]
[SourceVersion "1"]
[SourceVersionDate "2021.05.31"]
[SourceQuality "1"]
[WhiteTeam "Kiel Doppelbauer"]
[BlackTeam "Franconville"]
[WhiteTeamCountry "GER"]
[BlackTeamCountry "FRA"]

1. d4 Nf6 2. c4 e6 3. Nf3 d5 4. g3 Bb4+ 5. Bd2 Be7 6. Bg2 0-0 7. 0-0 c6 8. Bf4 dxc4 9. Ne5 Nd5 10. Nxc4 Nxf4 11. gxf4 Bf6 12. e3 Qe7 13. Nc3 Rd8 14. Qc2 b6 15. Rac1 Bb7 16. Ne4 Na6 17. Ne5 c5 18. dxc5 Bxe5 19. c6 Rac8 20. fxe5 Nb4 21. Qb1 Bxc6 22. a3 Nd3 23. Rc3 Bxe4 24. Bxe4 Rxc3 25. bxc3 Nxe5 26. Bxh7+ Kh8 27. Be4 Rd2 28. Qb4 Qg5+ 29. Kh1 f5 30. Bg2 Ng4 31. Kg1 Nxe3 32. Qf8+ Kh7 33. Qa8 Ng4 34. Qf3 Ra2 35. h3 Nf6 36. c4 Ne4 37. Qe3 Qxe3 38. fxe3 Rxa3 39. Bxe4 fxe4 40. Rf7 Rxe3 41. Rxa7 Rxh3 42. Rb7 Rc3 43. Rxb6 Rxc4 44. Rxe6 g6 45. Kf2 Kh6 46. Re5 g5 47. Kg3 Kh5 48. Re8 Rc3+ 49. Kg2 e3 50. Kf3 g4+ 51. Kf4 e2 52. Rxe2 Rf3+ 53. Ke4 Kh4 54. Ra2 Kh3 55. Rb2 Rf7 56. Ke3 g3 57. Rb8 Kg2 58. Rg8 Kh2 59. Rh8+ Kg1 60. Rg8 g2 61. Ke2 Rf2+ 62. Ke1 Rf4 63. Ke2 Rf3 64. Kxf3 Kh1 65. Kf2 g1Q+ 66. Rxg1+ Kh2 67. Rg8 Kh3 68. Rg7 Kh4 69. Kf3 Kh5 70. Kf4 Kh6 71. Rg1 Kh7 72. Kf5 Kh8 73. Kf6 Kh7 74. Rg2 Kh8 75. Kf7 Kh7 76. Rh2# 1-0

[Event "Cappelle Online Rapid op"]
[Site "Europe Echecs INT"]
[Date "2021.03.06"]
[Round "7"]
[White "Mammadova, Gulnar Marfat Qizi"]
[Black "Valuet, Bertrand"]
[Result "0-1"]
[WhiteElo "2382"]
[BlackElo "2217"]
[PlyCount "128"]
[EventDate "2021.03.06"]
[EventType "swiss (rapid)"]
[EventRounds "9"]
[EventCountry "FRA"]
[SourceTitle "CBM 201 Extra"]
[Source "ChessBase"]
[SourceDate "2021.05.31"]
[SourceVersion "1"]
[SourceVersionDate "2021.05.31"]
[SourceQuality "1"]

1. e4 c6 2. d4 d5 3. e5 c5 4. dxc5 Nc6 5. Bg5 Nxe5 6. Nc3 f6 7. Bf4 Nc6 8. Qxd5 e5 9. Be3 Bg4 10. f3 Bh5 11. Bc4 Qxd5 12. Nxd5 0-0-0 13. 0-0-0 Na5 14. Bb3 Nxb3+ 15. axb3 Ne7 16. Nxe7+ Bxe7 17. Ne2 Kc7 18. c4 Bf7 19. Nc3 Kc6 20. Na4 Bg6 21. b4 Bd3 22. b3 f5 23. Nc3 e4 24. b5+ Kc7 25. Nd5+ Rxd5 26. cxd5 Bf6 27. fxe4 fxe4 28. Rxd3 exd3 29. Kd2 a6 30. b6+ Kd7 31. Kxd3 Re8 32. Rc1 Rxe3+ 33. Kd2 Re5 34. c6+ Kc8 35. Rc5 bxc6 36. Rxc6+ Kb7 37. Rd6 Be7 38. Rd7+ Kxb6 39. Kd3 Bf6 40. g4 Re1 41. g5 Bxg5 42. Rxg7 h6 43. Rg6+ Kb5 44. h4 Bxh4 45. Rxh6 Be7 46. Rc6 Bg5 47. Rg6 Be7 48. Rc6 a5 49. Rc8 Kb4 50. Rb8+ Ka3 51. Re8 Kxb3 52. d6 Rd1+ 53. Ke2 Rxd6 54. Rxe7 Rb6 55. Kd2 Kb2 56. Ra7 Rd6+ 57. Ke2 Rd5 58. Ke3 Kb3 59. Ke4 Rb5 60. Kd3 a4 61. Kd2 a3 62. Kc1 a2 63. Ra8 Rb4 64. Kd2 Kb2 0-1

[Event "FRA-ch blitz"]
[Site "Le Blanc Mesnil"]
[Date "2019.06.01"]
[Round "7"]
[White "Ziska, Helgi Dam"]
[Black "Valuet, Bertrand"]
[Result "1-0"]
[WhiteElo "2533"]
[BlackElo "2221"]
[PlyCount "61"]
[EventDate "2019.06.01"]
[EventType "swiss (blitz)"]
[EventRounds "23"]
[EventCountry "FRA"]
[SourceTitle "CBM 190 Extra"]
[Source "ChessBase"]
[SourceDate "2019.07.15"]
[SourceVersion "1"]
[SourceVersionDate "2019.07.15"]
[SourceQuality "1"]

1. Nf3 d5 2. g3 g6 3. Bg2 Bg7 4. 0-0 e5 5. d3 Nc6 6. Nbd2 Nf6 7. e4 0-0 8. Re1 d4 9. Nc4 Ne8 10. c3 b5 11. Na3 dxc3 12. bxc3 b4 13. Nc4 bxc3 14. Qc2 Nd6 15. Nxd6 cxd6 16. Qxc3 Qd7 17. Be3 Bb7 18. Rab1 Rab8 19. Nd2 Rfc8 20. Nc4 Nd4 21. Bxd4 exd4 22. Qa3 d5 23. Qd6 Rd8 24. Qxd7 Rxd7 25. Na5 Bf8 26. exd5 Bd6 27. Rb3 Ba6 28. Rxb8+ Bxb8 29. Re8+ Kg7 30. Rxb8 Bxd3 31. Rb4 1-0

[Event "Le Port Marly rapid op"]
[Site "Le Port Marly"]
[Date "2019.01.06"]
[Round "4"]
[White "Shchekachev, Andrei"]
[Black "Valuet, Bertrand"]
[Result "1-0"]
[WhiteElo "2521"]
[BlackElo "2211"]
[PlyCount "53"]
[EventDate "2019.01.06"]
[EventType "swiss (rapid)"]
[EventRounds "9"]
[EventCountry "FRA"]
[SourceTitle "CBM 188 Extra"]
[Source "ChessBase"]
[SourceDate "2019.02.28"]
[SourceVersion "1"]
[SourceVersionDate "2019.02.28"]
[SourceQuality "1"]

1. Nf3 c5 2. c4 Nc6 3. d4 cxd4 4. Nxd4 Nf6 5. Nc3 e6 6. g3 Qb6 7. Ndb5 Ne5 8. Bg2 Nxc4 9. Qa4 Nd6 10. Be3 Qd8 11. Bf4 Qb6 12. Rd1 Nxb5 13. Nxb5 Ng4 14. Nc7+ Kd8 15. 0-0 Rb8 16. Nd5 exd5 17. Bxb8 Nf6 18. Bxa7 Qc6 19. Qa5+ b6 20. Bxb6+ Ke8 21. Rc1 Qb7 22. Rc7 Qa6 23. Rfc1 Bb7 24. Qxa6 Bxa6 25. Ra7 Bb5 26. Rc8+ Ke7 27. Bc5+ 1-0

[Event "Le Port Marly rapid op"]
[Site "Le Port Marly"]
[Date "2019.01.06"]
[Round "7"]
[White "Valuet, Bertrand"]
[Black "Le Roux, Jean Pierre"]
[Result "0-1"]
[WhiteElo "2211"]
[BlackElo "2533"]
[PlyCount "56"]
[EventDate "2019.01.06"]
[EventType "swiss (rapid)"]
[EventRounds "9"]
[EventCountry "FRA"]
[SourceTitle "CBM 188 Extra"]
[Source "ChessBase"]
[SourceDate "2019.02.28"]
[SourceVersion "1"]
[SourceVersionDate "2019.02.28"]
[SourceQuality "1"]

1. e4 c6 2. d4 d5 3. e5 Bf5 4. Nc3 e6 5. g4 Bg6 6. Nge2 c5 7. h4 h6 8. Nf4 Bh7 9. g5 Nc6 10. g6 Bxg6 11. Nxg6 fxg6 12. Bb5 Nge7 13. dxc5 Qc7 14. f4 0-0-0 15. Rb1 d4 16. Ne4 Qa5+ 17. b4 Qxb5 18. Nd6+ Rxd6 19. exd6 Nf5 20. Rh3 Qc4 21. a3 Qd5 22. Qe2 h5 23. Bd2 g5 24. hxg5 h4 25. c4 dxc3 26. Bxc3 Ng3 27. Qe3 Qf5 28. Rxg3 hxg3 0-1

[Event "Le Port Marly blitz op"]
[Site "Le Port Marly"]
[Date "2019.01.05"]
[Round "6"]
[White "Shchekachev, Andrei"]
[Black "Valuet, Bertrand"]
[Result "1-0"]
[WhiteElo "2572"]
[BlackElo "2211"]
[PlyCount "97"]
[EventDate "2019.01.05"]
[EventType "swiss (blitz)"]
[EventRounds "11"]
[EventCountry "FRA"]
[SourceTitle "CBM 188 Extra"]
[Source "ChessBase"]
[SourceDate "2019.02.28"]
[SourceVersion "1"]
[SourceVersionDate "2019.02.28"]
[SourceQuality "1"]

1. Nf3 Nc6 2. d4 d5 3. c4 Bg4 4. Nc3 e6 5. Bf4 Nf6 6. e3 Bb4 7. Rc1 0-0 8. h3 Bh5 9. Bd3 dxc4 10. Bxc4 Nd5 11. Bg3 e5 12. dxe5 Nxc3 13. bxc3 Qxd1+ 14. Kxd1 Ba3 15. Rb1 Bg6 16. Rb5 Rad8+ 17. Ke2 Be4 18. Nd4 Bxg2 19. Rh2 Nxd4+ 20. cxd4 Bc6 21. Rb3 Be7 22. f3 b6 23. Rg2 Bd5 24. Rc3 c5 25. Bxd5 Rxd5 26. Bf2 cxd4 27. exd4 Rfd8 28. Be3 Kf8 29. f4 g6 30. Kf3 Ke8 31. h4 h5 32. f5 gxf5 33. Rg8+ Kd7 34. Rg7 Rf8 35. Rh7 Bxh4 36. Rxh5 Be7 37. Rxf5 Ra5 38. Ke4 Rxa2 39. d5 Ra4+ 40. Kd3 Bb4 41. Rc4 Ra3+ 42. Ke4 Be7 43. d6 Bd8 44. Bg5 Bxg5 45. Rxg5 Ke6 46. Rc7 Re8 47. Rh5 Ra4+ 48. Kd3 f6 49. Rh6 1-0

[Event "Le Port Marly blitz op"]
[Site "Le Port Marly"]
[Date "2019.01.05"]
[Round "11"]
[White "Valuet, Bertrand"]
[Black "Fressinet, Laurent"]
[Result "0-1"]
[WhiteElo "2211"]
[BlackElo "2677"]
[PlyCount "41"]
[EventDate "2019.01.05"]
[EventType "swiss (blitz)"]
[EventRounds "11"]
[EventCountry "FRA"]
[SourceTitle "CBM 188 Extra"]
[Source "ChessBase"]
[SourceDate "2019.02.28"]
[SourceVersion "1"]
[SourceVersionDate "2019.02.28"]
[SourceQuality "1"]

1. e4 e5 2. d4 exd4 3. Nf3 Nc6 4. Bc4 Nf6 5. e5 Ne4 6. Bd5 Nc5 7. Nxd4 Nxd4 8. Qxd4 c6 9. Bf3 d5 10. exd6 Qxd6 11. Be3 Qxd4 12. Bxd4 Bf5 13. 0-0 0-0-0 14. c3 Nd3 15. b3 Bc5 16. Be3 Rhe8 17. g4 Be6 18. Kg2 Bxe3 19. fxe3 Ne5 20. h3 Rd3 21. Re1 0-1

[Event "FRA-ch Accession"]
[Site "Nimes"]
[Date "2018.08.18"]
[Round "1"]
[White "Bailet, Pierre"]
[Black "Valuet, Bertrand"]
[Result "1-0"]
[WhiteElo "2496"]
[BlackElo "2285"]
[PlyCount "57"]
[EventDate "2018.08.18"]
[EventType "swiss"]
[EventRounds "9"]
[EventCountry "FRA"]
[SourceTitle "CBM 186 Extra"]
[Source "ChessBase"]
[SourceDate "2018.08.24"]
[SourceVersion "1"]
[SourceVersionDate "2018.08.24"]
[SourceQuality "1"]

1. e4 c5 2. Nf3 Nc6 3. Bb5 e6 4. 0-0 Nge7 5. Nc3 a6 6. Bxc6 Nxc6 7. d4 cxd4 8. Nxd4 Qc7 9. Re1 b5 10. Nd5 Qb8 11. Nf5 d6 12. Qg4 exd5 13. exd5+ Ne7 14. Nxg7+ Kd8 15. Qh4 Qb7 16. Bg5 Rg8 17. Qxh7 Rxg7 18. Qh8 Ke8 19. Rxe7+ Qxe7 20. Bxe7 Kxe7 21. Re1+ Kf6 22. Qxf8 Rxg2+ 23. Kh1 Rg6 24. Qxd6+ Kg7 25. Qe5+ f6 26. Qc7+ Kh6 27. Qf4+ Kh5 28. Re7 Rh6 29. Rg7 1-0

[Event "Cappelle op 34th"]
[Site "Cappelle la Grande"]
[Date "2018.03.05"]
[Round "5.47"]
[White "Quante, Lennart"]
[Black "Valuet, Bertrand"]
[Result "0-1"]
[WhiteElo "2045"]
[BlackElo "2277"]
[PlyCount "32"]
[EventDate "2018.03.03"]
[EventType "swiss"]
[EventRounds "9"]
[EventCountry "FRA"]
[SourceTitle "EXT 2019"]
[Source "ChessBase"]
[SourceDate "2018.10.10"]
[SourceVersion "1"]
[SourceVersionDate "2018.10.10"]
[SourceQuality "1"]

1. d4 Nf6 2. c4 g6 3. Nc3 Bg7 4. e4 d6 5. Nf3 0-0 6. Be2 e5 7. 0-0 Nc6 8. d5 Ne7 9. b4 Nh5 10. g3 f5 11. Ng5 Nf6 12. Bf3 a5 13. Ba3 axb4 14. Bxb4 h6 15. Ne6 Bxe6 16. dxe6 c5 0-1

[Event "FRA-ch Accession"]
[Site "Agen"]
[Date "2017.08.26"]
[Round "8"]
[White "Valuet, Bertrand"]
[Black "Coiffait, Pierre Basile"]
[Result "1/2-1/2"]
[WhiteElo "2310"]
[BlackElo "2230"]
[PlyCount "124"]
[EventDate "2017.08.19"]
[EventType "swiss"]
[EventRounds "9"]
[EventCountry "FRA"]
[SourceTitle "EXT 2019"]
[Source "ChessBase"]
[SourceDate "2018.10.10"]
[SourceVersion "1"]
[SourceVersionDate "2018.10.10"]
[SourceQuality "1"]

1. d4 Nf6 2. c4 e6 3. Nc3 Bb4 4. Qc2 b6 5. e4 c5 6. dxc5 Bb7 7. c6 Nxc6 8. Nf3 d5 9. cxd5 exd5 10. e5 Qe7 11. Bb5 0-0 12. Bxc6 Bxc6 13. 0-0 Ne4 14. Nd4 Bb7 15. Nxe4 dxe4 16. Bf4 Bc5 17. Rfd1 Bxd4 18. Rxd4 Rfd8 19. Rad1 Rxd4 20. Rxd4 Rd8 21. Rd6 h6 22. Qd2 Rxd6 23. exd6 Qd7 24. h3 Bc8 25. Qc3 Bb7 26. Qd4 Bc6 27. Be5 f6 28. Bf4 Qe6 29. g4 Kf7 30. b3 Qd5 31. Qxd5+ Bxd5 32. Kf1 Ke6 33. Ke2 Bc6 34. Ke3 Kd5 35. Kd2 Bd7 36. Kc3 h5 37. gxh5 Bxh3 38. Kb4 Bg4 39. a4 Kc6 40. Kc4 Bxh5 41. b4 Kd7 42. a5 Be2+ 43. Kd4 Bf3 44. Bg3 g5 45. Bh2 Ke6 46. Bg3 Bg2 47. Ke3 f5 48. Be5 f4+ 49. Kd2 Bf1 50. d7 Kxd7 51. Bf6 g4 52. Be5 e3+ 53. Ke1 e2 54. Bxf4 Kc6 55. Be3 Kb5 56. axb6 axb6 57. Bd4 Kxb4 58. Bxb6 Kc3 59. Bc7 Kd3 60. Bb8 Bg2 61. Bc7 Bd5 62. Bb8 Bc4 1/2-1/2

[Event "FRA-ch Accession"]
[Site "Agen"]
[Date "2017.08.25"]
[Round "7"]
[White "Pottier, Simeon"]
[Black "Valuet, Bertrand"]
[Result "0-1"]
[WhiteElo "2006"]
[BlackElo "2310"]
[PlyCount "80"]
[EventDate "2017.08.19"]
[EventType "swiss"]
[EventRounds "9"]
[EventCountry "FRA"]
[SourceTitle "EXT 2019"]
[Source "ChessBase"]
[SourceDate "2018.10.10"]
[SourceVersion "1"]
[SourceVersionDate "2018.10.10"]
[SourceQuality "1"]

1. d4 Nf6 2. c4 g6 3. Nc3 Bg7 4. e4 d6 5. Nf3 0-0 6. Be2 e5 7. 0-0 Nc6 8. d5 Ne7 9. Ne1 Nd7 10. Be3 f5 11. f3 f4 12. Bf2 g5 13. Rc1 Rf6 14. Nd3 Rh6 15. c5 Qe8 16. Nb5 Qh5 17. h4 Ng6 18. g4 fxg3 19. Bxg3 Nf6 20. Nxc7 Rb8 21. cxd6 Nf4 22. Nxe5 Nxe4 23. d7 Bxd7 24. Bc4 Bxe5 25. d6+ Kh8 26. fxe4 Bg4 27. Qd5 Bg7 28. d7 Nxd5 29. Nxd5 Bxd7 30. Bxb8 Qg4+ 31. Kf2 Bd4+ 32. Ke1 Qxe4+ 33. Kd2 Rxh4 34. Rf8+ Kg7 35. Rg8+ Kxg8 36. Nf6+ Kg7 37. Nxe4 Rxe4 38. Rf1 Bf6 39. b3 a6 40. Kd3 Rh4 0-1

[Event "FRA-ch Accession"]
[Site "Agen"]
[Date "2017.08.19"]
[Round "3"]
[White "De Lussac, Rainier"]
[Black "Valuet, Bertrand"]
[Result "0-1"]
[WhiteElo "2149"]
[BlackElo "2310"]
[PlyCount "62"]
[EventDate "2017.08.19"]
[EventType "swiss"]
[EventRounds "9"]
[EventCountry "FRA"]
[SourceTitle "EXT 2019"]
[Source "ChessBase"]
[SourceDate "2018.10.10"]
[SourceVersion "1"]
[SourceVersionDate "2018.10.10"]
[SourceQuality "1"]

1. d4 Nf6 2. Nf3 d5 3. c4 e6 4. Nc3 Be7 5. Bg5 0-0 6. cxd5 Nxd5 7. Bxe7 Qxe7 8. e4 Nxc3 9. bxc3 c5 10. Bd3 Nc6 11. 0-0 cxd4 12. cxd4 Rd8 13. e5 b6 14. h4 Bb7 15. Rc1 Rac8 16. Bb1 Nxd4 17. Bxh7+ Kxh7 18. Ng5+ Kh6 19. Qg4 Rc5 20. Rce1 g6 21. Nxf7+ Qxf7 22. Qg5+ Kg7 23. Qxd8 Rd5 24. Qg5 Ba6 25. Rc1 Bxf1 26. Kxf1 Nf5 27. g4 Ng3+ 28. Kg2 Ne2 29. Rc8 Rd3 30. Kf1 Ng3+ 31. Ke1 Ne4 0-1

[Event "Cappelle op 33rd"]
[Site "Cappelle la Grande"]
[Date "2017.02.25"]
[Round "9"]
[White "Zachary, Matheo"]
[Black "Valuet, Bertrand"]
[Result "1/2-1/2"]
[WhiteElo "2147"]
[BlackElo "2288"]
[PlyCount "67"]
[EventDate "2017.02.18"]
[EventType "swiss"]
[EventRounds "9"]
[EventCountry "FRA"]
[SourceTitle "CBM 177 Extra"]
[Source "ChessBase"]
[SourceDate "2017.04.27"]
[SourceVersion "1"]
[SourceVersionDate "2017.04.27"]
[SourceQuality "1"]

1. e4 c6 2. Nc3 d5 3. Nf3 dxe4 4. Nxe4 Nf6 5. Nxf6+ exf6 6. d4 Bd6 7. Be2 0-0 8. 0-0 Re8 9. Be3 Nd7 10. c4 Nf8 11. Qd2 f5 12. Rfe1 Ng6 13. d5 c5 14. Qd3 Nh4 15. Bd2 f4 16. Nxh4 Qxh4 17. Bf3 Bd7 18. Bc3 g5 19. Be4 g4 20. g3 Qh5 21. Bg2 f3 22. Bf1 Bf5 23. Qd2 Be4 24. b3 Qg6 25. Bb2 h5 26. Rxe4 Rxe4 27. Bd3 Rae8 28. Bxe4 Rxe4 29. Re1 Rxe1+ 30. Qxe1 Qc2 31. Qc1 Qxc1+ 32. Bxc1 h4 33. Bg5 hxg3 34. hxg3 1/2-1/2

[Event "Montigny le Bretonneux 3rd"]
[Site "Montigny le Bretonneux"]
[Date "2016.10.26"]
[Round "5"]
[White "Valuet, Bertrand"]
[Black "Guliyev, Namig"]
[Result "0-1"]
[WhiteElo "2300"]
[BlackElo "2579"]
[PlyCount "68"]
[EventDate "2016.10.22"]
[EventType "tourn"]
[EventRounds "9"]
[EventCountry "FRA"]
[EventCategory "4"]
[SourceTitle "CBM 175 Extra"]
[Source "ChessBase"]
[SourceDate "2016.12.12"]
[SourceVersion "1"]
[SourceVersionDate "2016.12.12"]
[SourceQuality "1"]

1. d4 d5 2. c4 dxc4 3. e3 Nf6 4. Bxc4 a6 5. Nf3 e6 6. 0-0 b5 7. Bb3 Bb7 8. Qe2 Nbd7 9. Rd1 c5 10. Nc3 Qc7 11. e4 cxd4 12. e5 dxc3 13. exf6 Nxf6 14. Ne5 Bc5 15. bxc3 Ne4 16. Bf4 0-0 17. Rd7 Qb6 18. Bg3 Rad8 19. Bc2 Nxg3 20. hxg3 Rxd7 21. Bxh7+ Kxh7 22. Nxd7 Bxf2+ 23. Kh2 Rh8 24. Qh5+ Kg8 25. Qxh8+ Kxh8 26. Nxb6 Bxb6 27. a4 bxa4 28. Rxa4 a5 29. c4 Bc6 30. Ra2 a4 31. c5 Ba5 32. Rb2 Kh7 33. g4 Bc3 34. Rb6 a3 0-1

[Event "Montigny le Bretonneux 3rd"]
[Site "Montigny le Bretonneux"]
[Date "2016.10.22"]
[Round "1"]
[White "Todorov, Todor"]
[Black "Valuet, Bertrand"]
[Result "1/2-1/2"]
[WhiteElo "2472"]
[BlackElo "2300"]
[PlyCount "79"]
[EventDate "2016.10.22"]
[EventType "tourn"]
[EventRounds "9"]
[EventCountry "FRA"]
[EventCategory "4"]
[SourceTitle "CBM 175 Extra"]
[Source "ChessBase"]
[SourceDate "2016.12.12"]
[SourceVersion "1"]
[SourceVersionDate "2016.12.12"]
[SourceQuality "1"]

1. d4 e6 2. Nf3 d5 3. Bf4 c5 4. e3 Nc6 5. c3 Nf6 6. Nbd2 Nh5 7. Bg5 Qb6 8. Rb1 h6 9. Bh4 g5 10. Bg3 cxd4 11. exd4 Nxg3 12. hxg3 Bg7 13. Nb3 0-0 14. Be2 Re8 15. Qc2 e5 16. Nxe5 Nxe5 17. dxe5 Rxe5 18. 0-0 Bf5 19. Bd3 Bxd3 20. Qxd3 Rae8 21. Rbd1 Re2 22. Rd2 Rxd2 23. Qxd2 Qa6 24. Nc1 Qc4 25. Re1 Rxe1+ 26. Qxe1 d4 27. Qe8+ Bf8 28. Qe4 Qb5 29. Nb3 d3 30. Qe3 Qa4 31. Qxd3 Qxa2 32. Qc2 Ba3 33. Nd2 Qxb2 34. Qd3 Qc1+ 35. Kh2 Qd1 36. Qd4 Bf8 37. Ne4 Qh5+ 38. Kg1 Qd1+ 39. Kh2 Qh5+ 40. Kg1 1/2-1/2

[Event "Cappelle op 32nd"]
[Site "Cappelle la Grande"]
[Date "2016.02.15"]
[Round "3"]
[White "Valuet, Bertrand"]
[Black "D'Costa, Lorin AR"]
[Result "0-1"]
[WhiteElo "2253"]
[BlackElo "2408"]
[PlyCount "50"]
[EventDate "2016.02.13"]
[EventType "swiss"]
[EventRounds "9"]
[EventCountry "FRA"]
[SourceTitle "EXT 2017"]
[Source "ChessBase"]
[SourceDate "2016.10.25"]
[SourceVersion "1"]
[SourceVersionDate "2016.10.25"]
[SourceQuality "1"]

1. d4 Nf6 2. c4 e6 3. Nc3 Bb4 4. f3 c5 5. a3 Ba5 6. d5 exd5 7. cxd5 0-0 8. Nh3 d6 9. Nf2 a6 10. e4 Re8 11. Be2 Nbd7 12. 0-0 b5 13. b4 Bb6 14. Kh1 Ne5 15. bxc5 Bxc5 16. Nd3 Bd4 17. Nxe5 Bxe5 18. Bd2 Bd7 19. Rb1 Rc8 20. Na2 Nxe4 21. fxe4 Qh4 22. h3 Bxh3 23. Be1 Bxg2+ 24. Kxg2 Qh2+ 25. Kf3 Qh3+ 0-1

[Event "Cappelle op 30th"]
[Site "Cappelle la Grande"]
[Date "2014.03.03"]
[Round "4"]
[White "Valuet, Bertrand"]
[Black "Wan, Yunguo"]
[Result "0-1"]
[WhiteElo "2326"]
[BlackElo "2504"]
[PlyCount "58"]
[EventDate "2014.03.01"]
[EventType "swiss"]
[EventRounds "9"]
[EventCountry "FRA"]
[SourceTitle "CBM 159 Extra"]
[Source "ChessBase"]
[SourceDate "2014.04.24"]
[SourceVersion "1"]
[SourceVersionDate "2014.04.24"]
[SourceQuality "1"]

1. e4 c5 2. Nf3 e6 3. d4 cxd4 4. Nxd4 a6 5. Nc3 b5 6. Bd3 Qb6 7. Nf3 Nc6 8. 0-0 Qb8 9. Qe2 Nge7 10. Re1 Ng6 11. e5 Bb7 12. Bg5 Ncxe5 13. Nxe5 Qxe5 14. Qh5 Qc5 15. Bxg6 fxg6 16. Qh4 Qf5 17. Qg3 Bc5 18. b4 Bxb4 19. Re5 Bd6 20. Rae1 Bxe5 21. Rxe5 Qf7 22. Be3 0-0 23. Ne2 d6 24. Rg5 e5 25. h4 Qc4 26. Nc1 Rf5 27. h5 Rxg5 28. Qxg5 gxh5 29. Qe7 Qe4 0-1

[Event "Cappelle op 30th"]
[Site "Cappelle la Grande"]
[Date "2014.03.01"]
[Round "1"]
[White "Bachmann, Axel"]
[Black "Valuet, Bertrand"]
[Result "1-0"]
[WhiteElo "2575"]
[BlackElo "2326"]
[PlyCount "81"]
[EventDate "2014.03.01"]
[EventType "swiss"]
[EventRounds "9"]
[EventCountry "FRA"]
[SourceTitle "CBM 159 Extra"]
[Source "ChessBase"]
[SourceDate "2014.04.24"]
[SourceVersion "1"]
[SourceVersionDate "2014.04.24"]
[SourceQuality "1"]

1. d4 d5 2. Nf3 Nf6 3. c4 c6 4. e3 e6 5. b3 Bb4+ 6. Nbd2 c5 7. Bb2 Nc6 8. dxc5 0-0 9. a3 Bxc5 10. b4 Bb6 11. Be2 Qe7 12. 0-0 Rd8 13. Qc2 Bd7 14. c5 Bc7 15. e4 e5 16. exd5 Nxd5 17. Bd3 Nf4 18. Bxh7+ Kf8 19. Be4 Qe6 20. Nh4 Nd4 21. Bxd4 Ne2+ 22. Kh1 Nxd4 23. Qc3 f5 24. Bxb7 Rab8 25. c6 Be8 26. Ndf3 Nxf3 27. Nxf3 e4 28. Ng5 Qh6 29. f4 Rd3 30. Qc5+ Kg8 31. Qxf5 Qg6 32. Qxe4 Qxe4 33. Nxe4 Bf7 34. Nc5 Rd2 35. Rad1 Rbd8 36. Rxd2 Rxd2 37. Na6 Bc4 38. Rc1 Bxf4 39. c7 Bxc7 40. Nxc7 Rd7 41. Bf3 1-0